| 000 | 00598nam a22001817a 4500 | ||
|---|---|---|---|
| 003 | BD-DhUL | ||
| 005 | 20201029142010.0 | ||
| 008 | 171119s1921 xx ||||| |||| 00| 0 per d | ||
| 040 |
_aBD-DhUL _cBD-DhUL |
||
| 082 |
_a891.551 _bMAM |
||
| 100 | 0 | _aمحمود التبیر میزی | |
| 245 | 0 |
_aمفاتیح الاعجاز شرح گلشن راز / _cمحمود التبریزی۔ |
|
| 246 | _aMafātīḥ al-iʻjāz sharḥ-i Gulshan-i rāz | ||
| 260 |
_aنادری پریس : _bبمبئی، _c۱۸۹۵۔ |
||
| 300 |
_aص۔ ۲۱۶ ؛ _b۲۰ سم۔ |
||
| 650 | 4 | _aPersian poetry. | |
| 942 |
_2ddc _cBK |
||
| 999 |
_c232182 _d232182 |
||